[Event "Wellington Open 2018"]
[Site "Wellington NZL"]
[Date "2018.04.01"]
[Round "6"]
[White "Timergazi, Layla"]
[Black "Ker, Anthony F"]
[Result "0-1"]
[WhiteElo "1958"]
[BlackElo "2307"]

1. d4 Nf6 2. c4 e6 3. Nc3 Bb4 4. g3 c5 5. Nf3 Ne4 6. Qd3 cxd4 7. Qxd4 Nxc3 8.
bxc3 Be7 9. Bg2 Bf6 10. Qd3 Qa5 11. Nd4 O-O 12. O-O Nc6 13. f4 Qxc3 14. Qxc3
Bxd4+ 15. Qxd4 Nxd4 16. Kf2 Re8 17. Bb2 Nc6 18. Rfd1 Rb8 19. Ba3 b5 20. Bd6 Rb7
21. c5 b4 22. Rab1 a5 23. Rb2 Ra7 24. Bxc6 dxc6 25. e4 f6 26. e5 Ba6 27. Rd4
Rb7 28. Ke3 Rd8 29. Ke4 Kf7 30. Rb3 Bb5 31. Rb2 Rdd7 32. Rb3 Bf1 33. Rb2 Bh3
34. Ke3 Rb5 35. Ke4 Rdb7 36. Ke3 a4 37. Kf3 h5 38. Ke3 a3 39. Rb3 Bg2 40. Kd3
Bd5 41. Rxd5 exd5 42. Kd4 f5 43. h4 Ke6 44. Ke3 Ra5 45. Kd4 Ra8 46. Ke3 Rh8 47.
Kd3 Rh6 48. Ke3 Rg6 49. Kd4 Rg4 50. Bf8 Kf7 51. Bd6 Rg6 52. Re3 b3 53. axb3 a2
54. Re1 Rxb3 55. Ra1 Rgxg3 0-1

[Event "Wellington Open 2018"]
[Site "Wellington NZL"]
[Date "2018.04.01"]
[Round "6"]
[White "Steadman, Michael V R"]
[Black "Croad, Nicholas"]
[Result "1/2-1/2"]
[WhiteElo "2194"]
[BlackElo "2294"]

1. d4 Nf6 2. c4 e6 3. Nc3 Bb4 4. f3 O-O 5. Bd2 d5 6. a3 Be7 7. b4 Nc6 8. e3 e5
9. dxe5 Nxe5 10. cxd5 Nxd5 11. Qc2 Bf6 12. Be2 Re8 13. Nxd5 Qxd5 14. Rd1 Be6
15. e4 Qb3 16. Qxb3 Bxb3 17. Rc1 c6 18. Nh3 Rad8 19. Nf2 b5 20. Bc3 Bg5 21. Rb1
Bc4 22. Bxe5 Rxe5 23. Bxc4 bxc4 24. Rd1 Ree8 25. Ke2 c3 26. Rxd8 Rxd8 27. Nd3
Rd4 28. g3 c2 29. Nf4 f5 30. Rc1 Bxf4 31. gxf4 fxe4 32. Rxc2 exf3+ 33. Kxf3
Rd3+ 1/2-1/2

[Event "Wellington Open 2018"]
[Site "Wellington NZL"]
[Date "2018.04.01"]
[Round "6"]
[White "Goodhue, Nathan"]
[Black "James, Jack"]
[Result "1/2-1/2"]
[WhiteElo "1915"]
[BlackElo "2019"]

1. Nf3 Nf6 2. c4 c6 3. d4 d5 4. cxd5 cxd5 5. Nc3 e6 6. e3 Be7 7. Bd3 O-O 8. O-O
Nbd7 9. Qe2 b6 10. b3 Bb7 11. Bb2 Qb8 12. Rac1 a6 13. a4 Bd6 14. e4 Bf4 15. Rc2
dxe4 16. Nxe4 Nxe4 17. Bxe4 Bxe4 18. Qxe4 Nf6 19. Qd3 Nd5 20. Ba3 Rc8 21. Rxc8+
Qxc8 22. g3 Bh6 23. Ne5 Ra7 24. Ng4 Bg5 25. h4 Bd8 26. Rc1 Qa8 27. Ne5 Bf6 28.
Ng4 Rc7 29. Nxf6+ gxf6 30. Rxc7 Nxc7 31. Qc2 Nd5 32. a5 bxa5 33. Qc5 Qd8 34.
Qc6 Nb4 35. Qc5 Nd5 36. Qc6 Nb4 37. Qc5 Qd5 38. Bxb4 axb4 39. Qxb4 Kg7 40. Qc3
a5 41. Qe3 a4 42. bxa4 Qa2 43. Qf4 Qxa4 44. Qg4+ Kf8 45. Qf4 Kg7 46. Qg4+ Kf8
47. Qf4 Kg7 48. Qg4+ Kf8 49. Qf4 Ke7 50. Qc7+ Ke8 51. Qc8+ Ke7 52. Qc7+ Ke8
1/2-1/2

[Event "Wellington Open 2018"]
[Site "Wellington NZL"]
[Date "2018.04.01"]
[Round "6"]
[White "Dive, Russell J"]
[Black "Macdonald, Paul"]
[Result "1-0"]
[WhiteElo "2318"]
[BlackElo "2002"]

1. Nf3 d6 2. c4 e5 3. Nc3 f5 4. d4 e4 5. Ng5 Nf6 6. Nh3 Be7 7. Bg5 c6 8. e3 O-O
9. Nf4 Na6 10. Be2 Nc7 11. h4 Bd7 12. Qb3 Qc8 13. O-O-O b5 14. cxb5+ d5 15.
bxc6 Bxc6 16. Kb1 Rb8 17. Qc2 Ba3 18. b3 Qd7 19. Ka1 Rfc8 20. Bxf6 gxf6 21. g4
Nb5 22. Nb1 Bb4 23. gxf5 Kh8 24. Ne6 Na3 25. Qb2 Nxb1 26. Rxb1 Bb5 27. Bxb5
Qxb5 28. Nc5 Qa5 29. Na4 Qxa4 30. bxa4 Ba3 31. Qb3 Rxb3 32. axb3 Rc3 33. Ka2
Bb4 34. Rbc1 Rxc1 35. Rxc1 a5 36. Rg1 Bc3 37. Kb1 1-0

[Event "Wellington Open 2018"]
[Site "Wellington NZL"]
[Date "2018.04.01"]
[Round "6"]
[White "Wells, Clinton A"]
[Black "Nyberg, Michael"]
[Result "1-0"]
[WhiteElo "1930"]
[BlackElo "1920"]

1. d4 d5 2. Nf3 Nf6 3. c4 c6 4. e3 Nbd7 5. Bd3 e6 6. O-O Bd6 7. Re1 a6 8. c5
Bc7 9. b4 O-O 10. Bb2 Re8 11. Ne5 Nxe5 12. dxe5 Nd7 13. f4 b6 14. cxb6 Bxb6 15.
Qc2 Bb7 16. Bxh7+ Kh8 17. Bd3 c5 18. bxc5 Nxc5 19. Bd4 Rc8 20. Qe2 Qh4 21. Nd2
Nxd3 22. Qxd3 Bxd4 23. exd4 Qxf4 24. Rf1 Qh6 25. Rxf7 Bc6 26. a4 Rf8 27. Rxf8+
Rxf8 28. Nf3 Be8 29. Rf1 Bxa4 30. Qa3 Rxf3 31. Rxf3 1-0

[Event "Wellington Open 2018"]
[Site "Wellington NZL"]
[Date "2018.04.01"]
[Round "6"]
[White "Winter, Ryan"]
[Black "Rossiter, Philip E"]
[Result "1/2-1/2"]
[WhiteElo "1668"]
[BlackElo "1773"]

1. e4 d5 2. exd5 Nf6 3. d4 Bg4 4. Be2 Bxe2 5. Nxe2 Qxd5 6. O-O Nc6 7. c3 O-O-O
8. Qa4 Kb8 9. Be3 e5 10. Nd2 exd4 11. Nxd4 Nxd4 12. Bxd4 Bc5 13. Nb3 Bxd4 14.
Nxd4 Rhe8 15. Rad1 Qc5 16. b4 Qb6 17. Qb3 Ne4 18. Qc2 Qf6 19. Rfe1 Ng5 20. a4
Ne6 21. Nf3 Rxd1 22. Rxd1 Rd8 23. Rxd8+ 1/2-1/2

[Event "Wellington Open 2018"]
[Site "Wellington NZL"]
[Date "2018.04.01"]
[Round "6"]
[White "Weng, Xintong (Winston)"]
[Black "Aldridge, Alan L"]
[Result "1-0"]
[WhiteElo "1489"]
[BlackElo "1872"]

1. c4 Nf6 2. Nc3 e5 3. g3 Be7 4. Bg2 c6 5. e4 O-O 6. Nge2 d6 7. O-O Nbd7 8. d3
Re8 9. f4 Qb6+ 10. Kh1 Ng4 11. Qe1 exf4 12. Nxf4 Bf6 13. h3 Nge5 14. Qd1 Ng6
15. Nxg6 hxg6 16. Qe2 Bd4 17. Bf4 Ne5 18. Bxe5 Bxe5 19. Kh2 Be6 20. Qf2 Bd4 21.
Qc2 Re7 22. Ne2 Qxb2 23. Qxb2 Bxb2 24. Rab1 Ba3 25. Nf4 Bc8 26. d4 a5 27. Rb3
Bb4 28. Rd1 g5 29. Ne2 d5 30. c5 dxe4 31. a3 Be6 32. Re3 f5 33. axb4 axb4 34.
Rb1 Ra4 35. Nc1 Bd5 36. Re1 f4 37. gxf4 gxf4 38. Nd3 f3 39. Bxf3 Re6 40. Bg4
Rf6 41. Nxb4 Rf2+ 42. Kg1 Rd2 43. Nxd5 cxd5 44. Be6+ Kf8 45. Bxd5 Rdxd4 46.
Bxb7 Ke7 47. c6 Ra2 48. Rbd1 Rb4 49. c7 Rbb2 50. Bxe4 1-0

[Event "Wellington Open 2018"]
[Site "Wellington NZL"]
[Date "2018.04.01"]
[Round "6"]
[White "Sole, Michael D"]
[Black "Ha, Huy Minh (Timothy)"]
[Result "1/2-1/2"]
[WhiteElo "1686"]
[BlackElo "1673"]

1. e4 e6 2. d4 d5 3. Nc3 Nf6 4. Bg5 Be7 5. e5 Nfd7 6. h4 a6 7. Bxe7 Qxe7 8. Qg4
f5 9. Qg3 c5 10. Nf3 Nc6 11. O-O-O cxd4 12. Nxd4 Nxd4 13. Rxd4 Nc5 14. Bd3
Nxd3+ 15. Qxd3 O-O 16. Qe2 Bd7 17. g4 Rac8 18. gxf5 Rxf5 19. Rg1 Bb5 20. Nxb5
axb5 21. Rdg4 Rf7 22. Qxb5 Qc7 23. Qe2 Qc5 24. f4 g6 25. h5 Rxf4 26. hxg6 h6
27. R4g2 Kg7 28. Rh1 Re4 29. Qd2 Qe3 1/2-1/2

[Event "Wellington Open 2018"]
[Site "Wellington NZL"]
[Date "2018.04.01"]
[Round "6"]
[White "Day, Fabian"]
[Black "Jackson, L Ross"]
[Result "1/2-1/2"]
[WhiteElo "1556"]
[BlackElo "1893"]

1. e4 c5 2. d4 cxd4 3. c3 dxc3 4. Nxc3 Nc6 5. Nf3 d6 6. Bc4 a6 7. O-O Nf6 8.
Bf4 e6 9. Qe2 b5 10. Bb3 Ra7 11. Rfd1 Rd7 12. Rac1 Qb6 13. Nd5 Qb7 14. Bxd6
Bxd6 15. e5 Bxe5 16. Nxe5 Nxe5 17. Qxe5 Rg8 18. Rc7 Qb8 19. Rdc1 Bb7 20. Rc8+
Qxc8 21. Rxc8+ Bxc8 22. Nb6 Rd8 23. a4 Nd7 24. Qe3 Nxb6 25. Qxb6 bxa4 26. Bxa4+
Bd7 27. Qxa6 1/2-1/2

[Event "Wellington Open 2018"]
[Site "Wellington NZL"]
[Date "2018.04.01"]
[Round "6"]
[White "He, Caleb"]
[Black "Forster, William"]
[Result "1-0"]
[WhiteElo "1604"]
[BlackElo "1867"]

1. e4 c5 2. Nf3 a6 3. c3 e6 4. d4 d5 5. e5 Bd7 6. Be3 Qb6 7. Qb3 Qxb3 8. axb3
cxd4 9. Nxd4 Nc6 10. Nxc6 Bxc6 11. Be2 Ne7 12. O-O Nf5 13. Bb6 g5 14. g4 Nh4
15. Nd2 Bg7 16. Bd4 Ng6 17. Rfe1 Bxe5 18. Bxe5 Nxe5 19. Bxa6 Nxg4 20. Be2 1-0

[Event "Wellington Open 2018"]
[Site "Wellington NZL"]
[Date "2018.04.01"]
[Round "6"]
[White "Stracy, Don M"]
[Black "Chen, Wei Kai"]
[Result "0-1"]
[WhiteElo "1575"]
[BlackElo "1690"]

1. e4 c6 2. Nf3 d5 3. Nc3 dxe4 4. Nxe4 Bf5 5. Ng3 Bg6 6. d4 Nd7 7. Bd3 Ngf6 8.
O-O e6 9. Re1 Be7 10. c4 O-O 11. Bxg6 hxg6 12. Bd2 Nb6 13. Rc1 c5 14. dxc5 Bxc5
15. b4 Be7 16. Ne5 Rc8 17. a4 Nfd7 18. Nxd7 Qxd7 19. c5 Nd5 20. Ne4 Rfd8 21.
Qb3 Nf6 22. Nxf6+ Bxf6 23. Be3 Qd3 24. Qxd3 Rxd3 25. Rb1 Ra3 26. a5 a6 27. Bc1
Rd3 28. g3 Bc3 29. Rf1 Rcd8 30. Be3 Kf8 31. Kg2 Ke8 32. Bf4 R8d4 33. Be5 Rxb4
34. Bxc3 Rxb1 35. Rxb1 Rxc3 36. Rxb7 Rxc5 37. Ra7 Rxa5 38. h4 Kf8 39. g4 f5 40.
f3 Ra4 41. Kg3 f4+ 42. Kh3 Ra3 43. Kg2 a5 44. g5 Ra2+ 45. Kh3 e5 46. Ra8+ Kf7
47. Ra7+ Kg8 48. Re7 Re2 49. Ra7 Rf2 50. Rxa5 Rxf3+ 51. Kg2 e4 52. Re5 Rg3+ 53.
Kf2 e3+ 54. Kf1 Rh3 55. Re8+ Kf7 56. Rh8 f3 0-1

[Event "Wellington Open 2018"]
[Site "Wellington NZL"]
[Date "2018.04.01"]
[Round "6"]
[White "Wevers, Alexis"]
[Black "Xie, Felix"]
[Result "0-1"]
[WhiteElo "1661"]
[BlackElo "1252"]

1. d4 d5 2. Bf4 Bf5 3. Nf3 Nf6 4. Nbd2 e6 5. h3 Nbd7 6. c3 Be7 7. e3 a6 8. Rc1
h6 9. c4 c6 10. c5 O-O 11. Be2 Re8 12. O-O Nf8 13. b4 g5 14. Bh2 Ng6 15. Ra1 b6
16. Qb3 b5 17. a4 Qd7 18. Ra3 Ra7 19. Rfa1 Rea8 20. Qa2 Qb7 21. axb5 cxb5 22.
Nb3 Bd8 23. Rc1 Bc7 24. c6 Bxh2+ 25. Kxh2 Qc7+ 26. Kg1 Ne8 27. Na5 Nd6 28. Qb2
Nc4 29. Bxc4 dxc4 30. d5 exd5 31. Qf6 Be6 32. Nd4 Qe7 33. Qxe7 Nxe7 34. Rca1
Bc8 35. Kf1 Kg7 36. Ke1 Kf6 37. Nb7 Nxc6 38. Nxc6 Rxb7 39. Rxa6 Rxa6 40. Rxa6
Kf5 41. Nd4+ Ke4 42. Kd2 h5 43. Rf6 Ke5 44. Rh6 h4 45. f3 Bd7 46. Rh5 Kf6 47.
Rh6+ Kg7 48. Rd6 Be6 49. Nxe6+ fxe6 50. Rxe6 Ra7 51. Rd6 Ra2+ 52. Kc3 Rxg2 53.
Rxd5 Rg3 54. Rxb5 Kf6 55. Rb6+ Kf5 56. Rb5+ Kg6 57. Rb6+ Kh5 58. Rb8 Rxh3 59.
Rh8+ Kg6 60. b5 Rxf3 61. Kd4 c3 62. b6 c2 63. Rc8 Rf6 64. Rxc2 Rxb6 65. Rh2 Kh5
66. e4 g4 67. Ke3 Rf6 68. e5 Rf3+ 69. Kd4 g3 {White lost on time} 0-1

[Event "Wellington Open 2018"]
[Site "Wellington NZL"]
[Date "2018.04.01"]
[Round "6"]
[White "Weiskopf, Philip"]
[Black "List, Robert"]
[Result "1-0"]
[WhiteElo "1710"]
[BlackElo "1591"]

1. d4 Nf6 2. c4 e5 3. dxe5 Ne4 4. Nf3 d6 5. Nc3 Nxc3 6. bxc3 Nc6 7. exd6 Bxd6
8. c5 Bxc5 9. Qxd8+ Nxd8 10. Bf4 c6 11. e3 O-O 12. Bc4 Ne6 13. Bg3 b5 14. Bb3
a5 15. O-O a4 16. Bc2 Ba6 17. Rfd1 Rad8 18. Nd4 Bxd4 19. cxd4 f5 20. Rac1 Bb7
21. h3 f4 22. Bh2 g5 23. Be4 Rd6 24. a3 Rfd8 25. Bf5 Nc7 26. exf4 Rf6 27. g4
gxf4 28. Bxf4 Ne6 29. Be5 Rh6 30. h4 Kf7 31. h5 Rg8 32. f3 Rxh5 33. Kf2 Rh6 34.
Rh1 Rxh1 35. Rxh1 Ng5 36. Rh5 b4 37. Bxh7 b3 38. Bxg8+ Kg6 39. Rh1 1-0

[Event "Wellington Open 2018"]
[Site "Wellington NZL"]
[Date "2018.04.01"]
[Round "6"]
[White "Xu, Hannah"]
[Black "Johnson, Quentin J F"]
[Result "0-1"]
[WhiteElo "1120"]
[BlackElo "2028"]

1. e4 c5 2. Nf3 Nc6 3. d4 cxd4 4. Nxd4 Nf6 5. Nc3 d6 6. Be2 e5 7. Nf3 Be7 8.
O-O O-O 9. Be3 h6 10. h3 Be6 11. Qd2 Re8 12. Bd3 Bf8 13. a3 d5 14. exd5 Nxd5
15. Nxd5 Qxd5 16. Rfe1 e4 17. c4 Qxd3 18. Qxd3 exd3 19. b3 b6 20. Red1 Rad8 21.
Ne1 Bf5 22. Rd2 Na5 23. Rb2 Rxe3 24. fxe3 d2 25. Nd3 Rxd3 26. Rd1 Nxb3 27. Kf2
Bc5 28. a4 Rxe3 29. Kg1 Rxh3+ 30. Kf1 Bd3# 0-1